[Event "Ambassador Open"]
[Site "Bern SUI"]
[Date "2000.12.29"]
[Round "6"]
[White "Curien,N"]
[Black "Franzoni,G"]
[Result "0-1"]
[WhiteElo "2218"]
[BlackElo "2430"]

1.d4 Nf6 2.Bg5 Ne4 3.Bf4 d5 4.e3 c5 5.Nd2 cxd4 6.exd4 Qb6 7.Nxe4 dxe4 8.Rb1 Bf5
9.g4 Bd7 10.Bg2 e5 11.Be3 exd4 12.Qxd4 Qxd4 13.Bxd4 Nc6 14.Bc3 Bxg4 15.Bxe4 O-O-O
16.f3 Be6 17.Ne2 Bxa2 18.Rd1 Rxd1+ 19.Kxd1 Bc4 20.b3 Be6 21.Nf4 Bd7 22.Nh5 f6
23.Rg1 Ne5 24.Kc1 Ng6 25.Kb2 Kc7 26.Rd1 b6 27.Bd4 Be6 28.c4 Rg8 29.Kc3 a5
30.Be3 Be7 31.Nf4 Bb4+ 32.Kc2 Nxf4 33.Bxf4+ Kc8 34.Bxh7 Rh8 35.Bg6 Rh4 36.Bg3 Rh6
37.Be4 f5 38.Bd5 g5 39.Bxe6+ Rxe6 40.Kd3 Kb7 41.h4 f4 42.Bf2 gxh4 43.Rh1 Be7
44.Bd4 Kc6 45.Rh2 b5 46.cxb5+ Kxb5 47.Rh3 Bd8 48.Kc3 Rg6 49.Bf2 Rg3 50.Rh2 Rxf3+
51.Kc2 h3  0-1

[Event "Premier"]
[Site "Hastings ENG"]
[Date "2000.12.30"]
[Round "2"]
[White "Turner,M"]
[Black "Ftacnik,L"]
[Result "0-1"]
[WhiteElo "2491"]
[BlackElo "2608"]

1.d4 Nf6 2.Bg5 Ne4 3.Bf4 c5 4.f3 Qa5+ 5.c3 Nf6 6.Nd2 cxd4 7.Nb3 Qb6 8.Qxd4 Nc6
9.Qxb6 axb6 10.Nd4 e5 11.Nxc6 exf4 12.Nd4 d5 13.g3 Bd6 14.Nb5 Be5 15.gxf4 Bxf4
16.e3 Be5 17.Bh3 Be6 18.Bxe6 fxe6 19.f4 Bb8 20.Nf3 Kd7 21.Rg1 g6 22.a3 Re8
23.O-O-O e5 24.fxe5 Bxe5 25.Kb1 Bd6 26.Nxd6 Kxd6 27.c4 Rxe3 28.Ng5 Rf8 29.cxd5 Re5
30.Rg3 Rxd5 31.Rf1 h6 32.Nh3 g5 33.Rgf3 Ke6 34.Nf2 h5 35.Re1+ Re5 36.Rd1 Nd7
37.Rfd3 Rxf2 38.Rd6+ Kf5 39.Rxd7 Ree2 40.Rxb7 Rxb2+ 41.Ka1 Ra2+ 42.Kb1 Rfb2+
43.Kc1 Rxh2 44.Rxb6 Ra1+ 45.Rb1 Rxb1+ 46.Kxb1 g4 47.Rg1 Re2 48.a4 Re4 49.Rh1 Kg5
50.Kc2 Rxa4 51.Kd2 Re4  0-1

[Event "Rilton Cup"]
[Site "Stockholm SWE"]
[Date "2000.12.30"]
[Round "4"]
[White "Maki Uuro,Mi"]
[Black "Johansson,V"]
[Result "1/2-1/2"]
[WhiteElo "2329"]
[BlackElo "2152"]

1.d4 Nf6 2.Bg5 Ne4 3.Bf4 d5 4.e3 e6 5.Bd3 c5 6.c3 Nc6 7.Bxe4 dxe4 8.Nd2 f5
9.f3 cxd4 10.cxd4 Nb4 11.fxe4 Nd3+ 12.Ke2 Nxf4+ 13.exf4 Qxd4 14.Ngf3 Qb4
15.Qb3 Bd7 16.Qxb4 Bxb4 17.Nd4 Rd8 18.Rhd1 Ba4 19.N2b3 Kf7 20.Rac1 fxe4 21.Rc7+ Rd7
22.Rxd7+ Bxd7 23.Ke3 Ba4 24.Rc1 Rd8 25.Rc4 Bxb3 26.Rc7+ Kf6 27.axb3 e5 28.fxe5+ Kxe5
29.Rxb7 Rxd4 30.Rb5+ Rd5 31.Rxb4 Rd3+ 32.Ke2 Rd7 33.g3 h6 34.Rb5+ Kd4 35.Rb8 Rf7
36.Rc8 Rd7 37.Rc4+ Ke5 38.Ra4 Rf7 39.Rc4 Rd7  1/2-1/2

[Event "Open"]
[Site "Ano Liosia GRE"]
[Date "2001.01.03"]
[Round "7"]
[White "Halkias,S"]
[Black "Stojanovski,D"]
[Result "1-0"]
[WhiteElo "2502"]
[BlackElo "2324"]

1.d4 Nf6 2.Bg5 Ne4 3.Bh4 c5 4.f3 Nf6 5.d5 Qb6 6.e4 Qxb2 7.Nd2 g6 8.Rb1 Qc3
9.Ne2 Qa5 10.d6 Bg7 11.Kf2 e6 12.Nc4 Qd8 13.Bxf6 Bxf6 14.e5 Bg7 15.h4 b5
16.Rxb5 Ba6 17.a4 Nc6 18.f4 Bxb5 19.axb5 Na5 20.Nxa5 Qxa5 21.h5 O-O 22.Qd3 a6
23.Nc3 axb5 24.Nxb5 Qb4 25.c4 Ra2+ 26.Be2 Rd2 27.Rb1 Rxd3 28.Rxb4 cxb4 29.Bxd3 g5
30.h6 Bxh6 31.f5 b3 32.c5 b2 33.Na7 Ra8 34.c6 Rxa7 35.c7 Ra8 36.g4 exf5 37.gxf5 Kf8
38.e6 fxe6 39.fxe6 Ke8 40.Bb5 b1=Q 41.exd7+ Kf7 42.Bc4+ Kg6 43.d8=Q Qc2+
44.Ke3 Qc3+ 45.Bd3+ Kg7 46.Qe7+ Kg8 47.Qxh7+ Kf8 48.Qxh6+ Kf7 49.Qh7+ Kf6
50.Qh6+ Kf7 51.Qg6+ Kf8 52.Qf5+ Kg7 53.Qxg5+ Kh8 54.Qh4+ Kg7 55.Qd4+  1-0

[Event "Rilton Cup"]
[Site "Stockholm SWE"]
[Date "2001.01.04"]
[Round "8"]
[White "Bellon Lopez,JM"]
[Black "Aarthie,R"]
[Result "1-0"]
[WhiteElo "2421"]
[BlackElo "2319"]

1.d4 Nf6 2.Bg5 Ne4 3.Bh4 d5 4.f3 Nf6 5.Nc3 Bf5 6.Qd2 e6 7.O-O-O Be7 8.Qe1 Nbd7
9.e4 Bg6 10.Nh3 c6 11.Nf4 Qa5 12.Ncxd5 Qxa2 13.Nxe7 Qa1+ 14.Kd2 Qxb2 15.Nexg6 Qxd4+
16.Nd3 hxg6 17.Bf2 Qc4 18.Ra1 a5 19.Qb1 Rd8 20.Rxa5 b5 21.Kc1 Ne5 22.Nxe5 Qc3
23.Nxc6  1-0

[Event "Troll Masters"]
[Site "Gausdal NOR"]
[Date "2001.01.06"]
[Round "2"]
[White "Berg Jensen,J"]
[Black "Pedersen,O"]
[Result "1-0"]
[WhiteElo "2231"]
[BlackElo "2066"]

1.d4 Nf6 2.Bg5 Ne4 3.Bf4 c5 4.f3 Nf6 5.d5 d6 6.e4 g6 7.c3 Bg7 8.g4 Nbd7 9.a4 O-O
10.Na3 b6 11.Ne2 Ne8 12.Ng3 Ne5 13.Be2 Nc7 14.O-O Rb8 15.Be3 a6 16.c4 Qd7
17.Rb1 Qe8 18.f4 Nd7 19.f5 Ne5 20.b4 Bd7 21.b5 axb5 22.axb5 Ra8 23.Qb3 Qc8
24.Nc2 Qb7 25.Kg2 gxf5 26.gxf5 Kh8 27.Kh1 Rg8 28.Nh5 Ne8 29.Rg1 e6 30.Nxg7 Rxg7
31.Rxg7 Kxg7 32.Bh6+ Kh8 33.fxe6 fxe6 34.Rf1 Ng6 35.Qf3 Ng7 36.Bxg7+ Kxg7
37.Qf7+ Kh8 38.dxe6 Qxe4+ 39.Bf3 Qxe6 40.Qxe6 Bxe6 41.Bxa8 Bxc4 42.Rf6 Bxb5
43.Rxd6 Ba4 44.Ne3 b5 45.Nf5 Kg8 46.Bd5+ Kf8 47.Rd8+  1-0

[Event "Anibal Open"]
[Site "Anibal Open ESP"]
[Date "2001.01.12"]
[Round "5"]
[White "Minasian,Art"]
[Black "Paragua,M"]
[Result "1-0"]
[WhiteElo "2595"]
[BlackElo "2423"]

1.d4 Nf6 2.Bg5 Ne4 3.Bf4 c5 4.f3 Qa5+ 5.c3 Nf6 6.d5 Qb6 7.b3 d6 8.e4 g6 9.Qd2 Bg7
10.Bh6 Bxh6 11.Qxh6 a5 12.a4 Qxb3 13.Bb5+ Bd7 14.Qc1 Bxb5 15.Nd2 Qxa4 16.Rxa4 Bxa4
17.c4 Na6 18.Ne2 Nb4 19.O-O O-O 20.Nc3 Bd7 21.Ndb1 Ne8 22.f4 a4 23.Na3 e6
24.Qd2 Ra6 25.h3 Nc7 26.g4 exd5 27.cxd5 f6 28.e5 fxe5 29.fxe5 Rxf1+ 30.Kxf1 dxe5
31.Qg5 Ne8 32.Qe7 Rf6+ 33.Ke2 Rf7 34.Qxc5 Na6 35.Qb6 Nac7 36.Nc4 a3 37.Nxa3 Rf4
38.Qxb7 Rd4 39.Qb3 h5 40.Nc4 hxg4 41.Nxe5  1-0

[Event "Anibal Open"]
[Site "Linares ESP"]
[Date "2001.01.16"]
[Round "9"]
[White "Akopian,V"]
[Black "Herrera,I"]
[Result "1/2-1/2"]
[WhiteElo "2656"]
[BlackElo "2404"]

1.d4 Nf6 2.Bg5 Ne4 3.Bf4 d5 4.e3 c5 5.Bd3 cxd4 6.exd4 g6 7.Be5 f6 8.Bxb8 Rxb8
9.Ne2 Bh6 10.c4 O-O 11.O-O Be6 12.Bxe4 dxe4 13.d5 Bf7 14.Nbc3 f5 15.b4 Qc7
16.c5 Qe5 17.Qb3 f4 18.Rad1 Bg7 19.f3 exf3 20.gxf3 Rbd8 21.Kh1 g5 22.Qc4 Kh8
23.Nd4 g4 24.Rfe1 Qh5 25.fxg4 Qxg4 26.Rg1 Qh5 27.Nde2 Be5 28.Rdf1 Rg8 29.Qe4 Rxg1+
30.Rxg1 Bg6 31.Rxg6 hxg6 32.Nxf4 Bxf4 33.Qxf4 Kg8 34.c6 bxc6 35.dxc6 Rf8
36.Qe4 Qg5 37.Qc4+ Kh7 38.Ne4 Qf4 39.c7 Qf3+ 40.Kg1 Qe3+ 41.Kg2 Qf3+ 42.Kg1 Qe3+
43.Kg2 Qf3+ 44.Kg1  1/2-1/2

[Event "Corus Reserve Gp"]
[Site "Wijk aan Zee NED"]
[Date "2001.01.18"]
[Round "3"]
[White "Liang Chong"]
[Black "Stellwagen,D"]
[Result "1/2-1/2"]
[WhiteElo "2581"]
[BlackElo "2276"]

1.d4 Nf6 2.Bg5 Ne4 3.Bf4 c5 4.f3 Qa5+ 5.c3 Nf6 6.Nd2 cxd4 7.Nb3 Qb6 8.Qxd4 Nc6
9.Qxb6 axb6 10.Nd4 e5 11.Nxc6 exf4 12.Nd4 d5 13.g3 Bd6 14.Kf2 h5 15.gxf4 Bxf4
16.h4 O-O 17.e3 Bh6 18.Bb5 g6 19.Nge2 Bd7 20.Bd3 Rfe8 21.Nf4 Bc6 22.Rhg1 Kf8
23.Bc2 Nd7 24.Bb3 Ne5 25.Rad1 Nc4 26.Bxc4 dxc4 27.a3 Rad8 28.Rde1 Re7 29.Nh3 Rde8
30.Nf4 Bg7 31.Re2 Bf6 32.Rh1 b5 33.Rh2 Be5 34.Rh1 Bf6 35.Ng2 Rd7 36.Rd2 Red8
37.Re2 Re8 38.Rd2 Red8 39.Rc2 Rd5 40.Nf4 Re5 41.Rd2 Re7 42.Rdd1  1/2-1/2

[Event "ch-POL Boys U18"]
[Site "Zakopane POL"]
[Date "2001.01.19"]
[Round "4"]
[White "Szymanski,M"]
[Black "Jakubowski,Mar"]
[Result "1/2-1/2"]
[WhiteElo "2366"]
[BlackElo "2234"]

1.d4 Nf6 2.Bg5 Ne4 3.Bf4 d5 4.e3 e6 5.Bd3 Bd6 6.Ne2 O-O 7.O-O Nd7 8.c4 Re8
9.Qc2 Ndf6 10.c5 Bxf4 11.exf4 Nd7 12.Bxe4 dxe4 13.Qxe4 Nf6 14.Qc2 b6 15.Nbc3 Bb7
16.Rfd1 Nd5 17.Nxd5 Qxd5 18.f3 Rad8 19.Nc3 Qh5 20.Ne4 Bd5 21.Ng3 Qh6 22.Qc1 Qf6
23.b3 Re7 24.Qe3 Red7 25.Rac1 h6 26.Qe5 Qg6 27.f5 exf5 28.Nxf5 Kh7 29.c6 f6
30.Qf4 Rf7 31.Re1 Qg5 32.Qxg5 hxg5 33.Kf2 g6 34.Ne3 Kg7 35.Nxd5 Rxd5 36.Rcd1 Kf8
37.Re6 Re7 38.Rxe7 Kxe7 39.Ke3 Ke6 40.Rc1 Rd6 41.Ke4 f5+ 42.Kd3 Kd5 43.Re1 Kxc6
44.Re7 Rf6 45.Rg7 Kd6 46.Kc4 a5 47.a4 g4 48.Rg8 gxf3 49.gxf3 c6 50.Rg7 f4
51.h4 Re6 52.Rf7 Re1 53.Rf6+ Kd7 54.Rxf4 Rc1+ 55.Kd3 Ke6 56.Rf8 Rd1+ 57.Ke4 Rh1
58.Rg8 Rxh4+ 59.Ke3 Rh1 60.Rxg6+ Kd5 61.Rg5+ Kd6 62.Kd3 Rb1 63.Kc2 Re1 64.Rf5 Ke6
65.Rf8 Kd5  1/2-1/2

[Event "Corus Reserve Gp"]
[Site "Wijk aan Zee NED"]
[Date "2001.01.22"]
[Round "6"]
[White "Dalsberg,S"]
[Black "De Mie,M"]
[Result "0-1"]
[WhiteElo "2138"]
[BlackElo "2150"]

1.d4 Nf6 2.Bg5 Ne4 3.Bf4 Nc6 4.f3 Nf6 5.d5 Nb8 6.e4 d6 7.c4 e5 8.Be3 Be7
9.Nc3 O-O 10.g4 Nfd7 11.Nge2 Bg5 12.Bf2 Bh4 13.Ng3 a5 14.Rc1 Na6 15.Qd2 Ndc5
16.Nf5 Bxf2+ 17.Qxf2 g6 18.Ne3 Bd7 19.h4 f5 20.exf5 gxf5 21.gxf5 Bxf5 22.Kd2 Kh8
23.Be2 Qf6 24.Rcf1 Nb4 25.Nxf5 Qxf5 26.Qe3 Qc2+ 27.Ke1 Ncd3+  0-1

[Event "Corus Reserve Gp"]
[Site "Wijk aan Zee NED"]
[Date "2001.01.25"]
[Round "8"]
[White "Dalsberg,S"]
[Black "Termeulen,A"]
[Result "0-1"]
[WhiteElo "2138"]
[BlackElo "2214"]

1.d4 Nf6 2.Bg5 Ne4 3.Bf4 c5 4.d5 Qb6 5.Qc1 g5 6.Be3 Bg7 7.c3 h6 8.g3 d6 9.Bg2 Bf5
10.Nf3 Nd7 11.Na3 Qa6 12.Nd2 Nef6 13.Nf3 Nxd5 14.Bxg5 hxg5 15.Qxg5 Nxc3 16.O-O Nxe2+
17.Kh1 Bg6 18.Rfe1 O-O-O 19.Qd2 Nd4 20.Nxd4 Bxd4 21.Rac1 Kb8 22.Nc4 Ne5 23.Ne3 Nd3  0-1

[Event "Bundesliga 2000-1"]
[Site "Tegel GER"]
[Date "2001.01.28"]
[Round "7"]
[White "Teske,H"]
[Black "Pachow,J"]
[Result "0-1"]
[WhiteElo "2463"]
[BlackElo "2297"]

1.d4 Nf6 2.Bg5 Ne4 3.h4 c5 4.dxc5 Qa5+ 5.Nd2 Nxg5 6.hxg5 g6 7.Rh4 Nc6 8.Rc4 d5
9.cxd6 Be6 10.dxe7 Bxe7 11.Rc3 h6 12.gxh6 Rxh6 13.Ngf3 g5 14.e3 Rh1 15.Qe2 Bb4
16.Rd3 g4 17.Nd4 Bxd2+ 18.Rxd2 Nxd4 19.exd4 Kf8 20.a3 Bc4 21.Qxc4 Re8+ 22.Kd1 Qa6
23.Qc5+ Kg7 24.Rd3 Rxf1+ 25.Kd2 Rxa1 26.Rg3 Qh6+ 27.Kc3 Qe6 28.Qg5+ Qg6 29.Qxg4 Qxg4
30.Rxg4+ Kf6 31.Rf4+ Ke6 32.Kb4 f5 33.c4 Rd8 34.g4 fxg4 35.Rxg4 Rf8 36.d5+ Ke5
37.Rg7 Rxf2 38.b3 a5+ 39.Ka4 Rfa2 40.Kxa5 Rxa3+ 41.Kb4 Ra7 42.Kb5 R1a5+ 43.Kb6 R7a6+
44.Kc7 b5 45.Rg5+ Kf6 46.Rh5 bxc4 47.bxc4 Rc5+ 48.Kd7 Ra7+ 49.Kd6 Rxc4 50.Rf5+ Kg6
51.Rf6+ Kg7 52.Rf1 Rc8 53.Rg1+ Kf8 54.Rf1+ Rf7 55.Rh1 Rd8+ 56.Kc6 Rf6+ 57.Kc5 Rf5
58.Rd1 Ke7 59.Re1+ Kd7 60.Re6 Rc8+  0-1

[Event "TCh-FRA"]
[Site "Bordeaux FRA"]
[Date "2001.02.03"]
[Round "2"]
[White "Dewitte,C"]
[Black "Feuvrier,S"]
[Result "0-1"]
[WhiteElo "2016"]
[BlackElo "2048"]

1.d4 Nf6 2.Bg5 Ne4 3.h4 d5 4.Nd2 Nxg5 5.hxg5 Bf5 6.Ngf3 Nc6 7.c3 e6 8.e3 a6
9.Nh4 Qxg5 10.Nxf5 Qxf5 11.Qa4 Bd6 12.Bb5 O-O 13.Bxc6 bxc6 14.Qd1 c5 15.Qb1 Qxb1+
16.Rxb1 cxd4 17.cxd4 c5 18.dxc5 Bxc5 19.Ke2 Rfc8 20.Rhc1 Bd6 21.Nb3 h5 22.Rxc8+ Rxc8
23.Rc1 Rxc1 24.Nxc1 g5 25.Nd3 a5 26.Ne1 e5 27.Kd3 h4 28.e4 dxe4+ 29.Kxe4 g4
30.Kd3 f5 31.Ke2 Kf7 32.Nd3 Ke6 33.Nc1 Kd5 34.Nb3 a4 35.Nd2 e4 36.Nb1 Be5
37.b3 axb3 38.axb3 Kc5 39.Nd2 Kb4 40.Ke3  0-1

[Event "FSIMB February"]
[Site "Budapest HUN"]
[Date "2001.02.09"]
[Round "6"]
[White "Puschmann,L"]
[Black "Farago,S"]
[Result "1/2-1/2"]
[WhiteElo "2291"]
[BlackElo "2285"]

1.d4 Nf6 2.Bg5 Ne4 3.Bf4 c5 4.f3 Nf6 5.d5 d6 6.e4 g6 7.Qd2 Bg7 8.c4 O-O 9.Nc3 a6
10.a4 Nbd7 11.Nh3 Ne5 12.Nf2 Nh5 13.Bg5 f5 14.exf5 gxf5 15.Be2 Nf7 16.f4 Nf6
17.Bh4 Qa5 18.O-O Kh8 19.Rfe1 Bd7 20.Bf3 Rae8 21.Rac1 Qb4 22.Qd3 b5 23.axb5 axb5
24.Nxb5 Bxb5 25.cxb5 Qxf4 26.Rc4 Ne4 27.Bg3 Qd2 28.Qxd2 Nxd2 29.Ra4 Nxf3+
30.gxf3 Bxb2 31.b6 Bf6 32.Nd3 Rb8 33.Rb1 Rb7 34.Nxc5 dxc5 35.Ra7 Rfb8 36.Bxb8 Rxb8
37.b7 Ne5 38.Ra8 Nd7 39.d6 exd6 40.Re1 Kg7 41.Rxb8 Nxb8 42.Re8 Nd7 43.Rc8 Kg6
44.Rc7 Nb8 45.Rc8 Nd7 46.Rc7  1/2-1/2

[Event "12th Goodricke Open"]
[Site "Calcutta IND"]
[Date "2001.02.09"]
[Round "4"]
[White "Rausis,I"]
[Black "Singh,G"]
[Result "1/2-1/2"]
[WhiteElo "2525"]
[BlackElo "2284"]

1.d4 Nf6 2.Bg5 Ne4 3.Bh4 g5 4.Bg3 c5 5.c3 Qb6 6.Qc2 d5 7.e3 Bf5 8.Qb3 c4
9.Qxb6 axb6 10.Nd2 Nc6 11.Nxe4 Bxe4 12.Nf3 f6 13.Nd2 Bg6 14.e4 e6 15.h4 b5
16.hxg5 fxg5 17.Be2  1/2-1/2

[Event "Belgian Interteams 2000-1"]
[Site "BEL"]
[Date "2001.02.18"]
[Round "9"]
[White "Groffen,H"]
[Black "Goormachtigh,J"]
[Result "1-0"]
[WhiteElo "2225"]
[BlackElo "2278"]

1.d4 Nf6 2.Bg5 Ne4 3.Bf4 c5 4.f3 Qa5+ 5.c3 Nf6 6.d5 Qb6 7.Bc1 g6 8.e4 d6
9.Nd2 Bg7 10.Nc4 Qc7 11.a4 Nbd7 12.Bg5 b6 13.Qd2 h5 14.Nh3 a6 15.Nf2 Bb7
16.Be2 O-O 17.O-O Ne5 18.Nxe5 dxe5 19.g4 Kh7 20.c4 a5 21.Nh1 hxg4 22.Bxf6 exf6
23.fxg4 Bh6 24.Qc3 Kg7 25.h4 Rh8 26.g5 fxg5 27.h5 Raf8 28.hxg6 fxg6 29.Bg4 Qd6
30.Rxf8 Rxf8 31.Qh3 Rf4 32.Ng3 Ba6 33.b3 Qf8 34.Ra2 Rf6 35.Rh2 Qh8 36.Ne2 Bb7
37.Qc3 Qe8 38.Qg3 Rf8 39.Be6 Qb8 40.Qh3 Rh8 41.Rf2 Rf8 42.Rh2 Rh8 43.Qg4 Rf8
44.Rf2 Rxf2 45.Kxf2 Qf8+ 46.Ke3 Kf6 47.Nc1 Ke7 48.Nd3 Kd6 49.Ke2 Ba6 50.Bd7 Qg8
51.Nf2 Kc7 52.Be6 Qf8 53.Nh3 Qf6 54.Qf3 Qxf3+ 55.Kxf3 Bc8 56.Bxc8 Kxc8 57.Kg4 Kd7
58.Nxg5 Ke7 59.Ne6 Kd7 60.Kh4 Kc8 61.Ng5 Kd7 62.Nf7 Bf4 63.Nh8 g5+ 64.Kg4 Ke7
65.Kf5  1-0

[Event "Open"]
[Site "Cappelle la Grande FRA"]
[Date "2001.02.24"]
[Round "1"]
[White "Winants,L"]
[Black "Franzen,J"]
[Result "1-0"]
[WhiteElo "2515"]
[BlackElo "2310"]

1.d4 Nf6 2.Bg5 Ne4 3.Bf4 c5 4.d5 Qb6 5.Nd2 Nxd2 6.Bxd2 Qxb2 7.e4 g6 8.Rb1 Qe5
9.Bd3 Bg7 10.Nf3 Qc7 11.h4 d6 12.c4 Nd7 13.h5 Ne5 14.Nxe5 Bxe5 15.Qb3 O-O
16.Bc3 Rb8 17.Qb2 e6 18.Bxe5 dxe5 19.Qd2 f6 20.hxg6 hxg6 21.Rh6 Qg7 22.Ke2 g5
23.Rbh1 b6 24.Qe3 Rf7 25.d6 g4 26.Qg3 Qg5 27.R1h5  1-0

[Event "Czech Extra League 2000-1"]
[Site "CZE"]
[Date "2001.02.24"]
[Round "6"]
[White "Tichy,V"]
[Black "Walek,M"]
[Result "0-1"]
[WhiteElo "2317"]
[BlackElo "2320"]

1.d4 Nf6 2.Bg5 Ne4 3.Bf4 c5 4.f3 Qa5+ 5.c3 Nf6 6.d5 d6 7.e4 g6 8.Nd2 Bg7
9.Nc4 Qd8 10.a4 b6 11.Bd3 O-O 12.Ne2 Nh5 13.Be3 e6 14.Bc2 Ba6 15.b3 e5 16.O-O f5
17.exf5 gxf5 18.f4 e4 19.Qd2 Qe7 20.Rad1 Nd7 21.Na3 Kh8 22.c4 Rf6 23.Nb1 Rg8
24.Nbc3 Rg6 25.Rf2 Qh4 26.g3 Qe7 27.Rg2 Nhf6 28.Rf1 h5 29.h4 Ng4 30.Nd1 Bf6
31.Nf2 Nxf2 32.Rfxf2 Bg7 33.Bd1 Nf6 34.Nc3 Bf8 35.Ne2 Ng4 36.Rf1 Qg7 37.Kh1 Be7
38.Ng1 Nxe3 39.Qxe3 Rxg3 40.Rxg3 Qxg3 41.Qxg3 Rxg3 42.Kh2 Rd3 43.Nh3 Bxh4
44.Ng5 Bxg5 45.fxg5 Bc8 46.Bxh5 Kg7 47.Be8 Rxb3 48.Kg2 Rc3 49.g6 Rxc4 50.Rh1 Rc2+
51.Kg3 Rc3+ 52.Kf2 Rf3+ 53.Kg2 f4 54.Rh7+ Kf8 55.Bf7 Rg3+ 56.Kh2 Bf5 57.Rh4 Rg4
58.Rh8+ Kg7 59.Rg8+ Kf6 60.Rf8 Rh4+ 61.Kg1 Bxg6  0-1

[Event "Czech Extra League 2000-1"]
[Site "CZE"]
[Date "2001.02.25"]
[Round "7"]
[White "Vavra,P1"]
[Black "Cempel,J"]
[Result "1-0"]
[WhiteElo "2463"]
[BlackElo "2246"]

1.d4 Nf6 2.Bg5 Ne4 3.h4 d5 4.Nd2 Bf5 5.Nxe4 Bxe4 6.e3 h6 7.Bf4 e6 8.f3 Bg6
9.h5 Bh7 10.Bd3 Bxd3 11.Qxd3 Nc6 12.a3 Qd7 13.b4  1-0

[Event "It Blind"]
[Site "Linares ESP"]
[Date "2001.02.26"]
[Round "4"]
[White "Bjerring,K"]
[Black "Devos,Pi"]
[Result "0-1"]
[WhiteElo "2311"]
[BlackElo "2218"]

1.d4 Nf6 2.Bg5 Ne4 3.Bf4 d5 4.e3 c5 5.c3 Nc6 6.Nd2 Bf5 7.Ngf3 e6 8.Nxe4 Bxe4
9.Ne5 Qb6 10.f3 Bg6 11.Nxg6 hxg6 12.Qb3 c4 13.Qc2 Be7 14.e4 Qa5 15.Bd2 Bh4+
16.Kd1 O-O-O 17.e5 f6 18.Qxg6 fxe5 19.Qxe6+ Kb8 20.dxe5 d4 21.Kc1 dxc3 22.Bxc3 Bg5+
23.Kc2 Nb4+  0-1

[Event "Belgian Interteams 2000-1"]
[Site "BEL"]
[Date "2001.03.04"]
[Round "13"]
[White "Groffen,H"]
[Black "Callier,C"]
[Result "1/2-1/2"]
[WhiteElo "2225"]
[BlackElo "2039"]

1.d4 Nf6 2.Bg5 Ne4 3.Bf4 d5 4.e3 e6 5.Bd3 c5 6.Bxe4 dxe4 7.Ne2 Nc6 8.O-O g5
9.Bg3 Bg7 10.Nbc3 cxd4 11.Nxe4 O-O 12.Bd6 Re8 13.Ba3 Qd5 14.Nd6 Rd8 15.e4 Qe5
16.f4 gxf4 17.Nxf4 Rxd6 18.Nd3 Qxe4 19.Bxd6 e5 20.Qh5 Qg6 21.Qxg6 hxg6 22.Rae1 f6
23.h3 b6 24.g4 Ba6 25.a4 Rc8 26.Rf2 Nb8 27.g5 Bxd3 28.cxd3 Nd7 29.gxf6 Bxf6
30.Rxf6 Nxf6 31.Bxe5 Nh5 32.Re4 Rc1+ 33.Kf2 Rc2+ 34.Re2 Rc8 35.Kf3 Rd8 36.Re4 Rf8+
37.Kg4 Rf2 38.Rxd4 Kf7 39.Re4 Rd2 40.Re3 Nf6+ 41.Kg3 Nd5 42.Rf3+ Ke6 43.Bd4 Rd1
44.a5 bxa5 45.Bxa7 Nb4 46.b3  1/2-1/2

[Event "Bundesliga 2000-1"]
[Site "Hamburg GER"]
[Date "2001.03.11"]
[Round "11"]
[White "Agdestein,S"]
[Black "Bacrot,E"]
[Result "0-1"]
[WhiteElo "2591"]
[BlackElo "2618"]

1.d4 Nf6 2.Bg5 Ne4 3.Bf4 c5 4.f3 Qa5+ 5.c3 Nf6 6.d5 Qb6 7.Bc1 e6 8.c4 Qb4+
9.Nc3 Qxc4 10.e4 Qb4 11.Bd2 Qb6 12.Bc4 d6 13.Nge2 Be7 14.a4 e5 15.g4 h5 16.g5 Nh7
17.Rg1 Nd7 18.Be3 Qd8 19.Qd2 O-O 20.h4 g6 21.Nc1 f6 22.gxf6 Rxf6 23.Qg2 Ndf8
24.Nd3 Rf7 25.O-O-O Bxh4 26.Nxe5 dxe5 27.d6 Bf6 28.Bxf7+ Kxf7 29.Bxc5 Be6
30.Kb1 Rc8 31.Bxa7 Rc6 32.d7 Bxd7 33.f4 exf4 34.e5 Bf5+ 35.Ka1 Qa5 36.exf6 Qxa7
37.Qd5+ Be6 38.Qe4 Nxf6 39.Qxf4 Rc4 40.Qd6 Rxc3 41.bxc3 Qxa4+ 42.Kb2 Qb3+
43.Kc1 Qxc3+ 44.Kb1 Qb3+ 45.Kc1 Qc4+ 46.Kb2 Qa2+ 47.Kc1 Bf5 48.Qc7+ N8d7
49.Rge1 Qa1+ 50.Kd2 Qb2+ 51.Ke3 Ng4+ 52.Kf4 Qh2+  0-1

[Event "Tch-AUT 2000-01"]
[Site "Fuerstenfeld AUT"]
[Date "2001.03.17"]
[Round "10"]
[White "Wells,P"]
[Black "Borriss,M"]
[Result "1-0"]
[WhiteElo "2522"]
[BlackElo "2439"]

1.d4 Nf6 2.Bg5 Ne4 3.Bf4 c5 4.f3 Qa5+ 5.c3 Nf6 6.d5 Qb6 7.Bc1 e6 8.c4 Qb4+
9.Nc3 Qxc4 10.e4 Qb4 11.Bd2 Qb6 12.Bc4 d6 13.Nge2 e5 14.f4 Nbd7 15.O-O a6
16.Ng3 exf4 17.Bxf4 g6 18.e5 dxe5 19.Bg5 Bg7 20.d6 O-O 21.Nd5 Nxd5 22.Rxf7 Qxb2
23.Qxd5 Qd4+ 24.Qxd4 exd4 25.Rxd7+ Kh8 26.Rc7 b5 27.Bd5 Rb8 28.Re1 d3 29.Ree7 Bd4+
30.Kh1  1-0

[Event "TCh-SVK"]
[Site "SVK"]
[Date "2001.03.17"]
[Round "10"]
[White "Bombek,P"]
[Black "Turna,S"]
[Result "1/2-1/2"]
[WhiteElo "2271"]
[BlackElo "2257"]

1.d4 Nf6 2.Bg5 Ne4 3.Bf4 c5 4.f3 Nf6 5.dxc5 Qa5+ 6.Nc3 g6 7.e4 Bg7 8.Qd2 Qxc5
9.Nge2 d6 10.O-O-O Nc6 11.Be3 Qa5 12.Nd4 Bd7 13.Nb3 Qc7 14.Nd5 Nxd5 15.exd5 Ne5
16.Bd4 a5 17.Qc3 Bh6+ 18.Kb1 Qb8 19.Nc5 Qc8 20.Bxe5 dxe5 21.Qxe5 O-O 22.Qxe7 Bf5
23.Bd3 Re8 24.Bxf5 Qxf5 25.Qd7 Qe5 26.Qb5 Rac8 27.a4 b6 28.Ne4 Bg7 29.Rhe1 Red8
30.h4 Qh2 31.Re2 Qxh4 32.d6 h5 33.d7 Rb8 34.g3 Qe7 35.Ng5 Qc5 36.Re8+ Bf8
37.Ne4 Qxb5 38.axb5 Kg7 39.Rxd8 Rxd8 40.Nc3 Bb4 41.Na4 Bc5 42.Nxc5 bxc5 43.c4 Kf6
44.Rd5 Ke6 45.Kc2 Rxd7 46.Rxc5 f6 47.b6 Rb7 48.Rc6+ Ke7 49.c5 g5 50.Kc3 h4
51.gxh4 gxh4 52.Rc8 Ke6 53.Rh8 Kd5 54.Rh5+ Kc6 55.Kc4 Re7 56.Rxh4 Re5 57.Rh6 Rxc5+
58.Kd4 Rd5+ 59.Ke4 Re5+ 60.Kf4 Rb5 61.Rxf6+ Kd7 62.Rf5 Rxb6 63.Rxa5 Rxb2
64.Re5 Rb8 65.Ke4 Kd6 66.f4 Ra8 67.Kf5 Rf8+ 68.Kg4 Rg8+ 69.Rg5 Ra8 70.Rg7 Ke6
71.Kg5 Ra5+ 72.Kg6 Rf5 73.Re7+ Kxe7 74.Kxf5 Kf7 75.Ke5 Ke7 76.f5 Kf7 77.f6 Kf8
78.Ke6 Ke8 79.f7+ Kf8 80.Kf6  1/2-1/2

[Event "It"]
[Site "Evry FRA"]
[Date "2001.03.22"]
[Round "8"]
[White "Marcelin,C"]
[Black "Bergez,L"]
[Result "0-1"]
[WhiteElo "2424"]
[BlackElo "2426"]

1.d4 Nf6 2.Bg5 Ne4 3.Bf4 d5 4.e3 b6 5.Bb5+ c6 6.Bd3 Nd6 7.Nd2 e6 8.Ngf3 Be7
9.Qe2 c5 10.c3 Nc6 11.a3 Bb7 12.O-O O-O 13.Rad1 a5 14.c4 cxd4 15.cxd5 exd5
16.Nxd4 Nxd4 17.exd4 Re8 18.Rfe1 Qd7 19.Nf3 f6 20.Qe6+ Qxe6 21.Rxe6 Rad8
22.Rc1 Bf8 23.Rxe8 Nxe8 24.Bf5 Bd6 25.Bxd6 Rxd6 26.Re1 Rd8 27.Re7 Bc8 28.Bb1 Bd7
29.h4 Nd6 30.Ba2 Nc4 31.Re2 Bf5 32.Ne1 Kf7 33.f3 h5 34.Kf2 b5 35.g3 Rd6 36.Bb3 Re6
37.Rxe6 Kxe6 38.Bxc4 dxc4 39.Ke3 Kd5 40.Ng2 g5 41.Ne1 b4 42.axb4 axb4 43.g4 hxg4
44.fxg4 Be4 45.h5 b3 46.Nf3 c3 47.bxc3 Bxf3  0-1

[Event "Open"]
[Site "Bled SLO"]
[Date "2001.03.24"]
[Round "1"]
[White "Soln,P"]
[Black "Skok,J"]
[Result "1/2-1/2"]
[WhiteElo "2399"]
[BlackElo "2079"]

1.d4 Nf6 2.Bg5 Ne4 3.Bf4 d5 4.c4 c6 5.Nf3 g6 6.Nc3 Bg7 7.e3 O-O 8.Qb3 Qa5
9.Bd3 Nxc3 10.bxc3 b6 11.O-O Ba6 12.e4 Nd7 13.Rfe1 dxc4 14.Bxc4 Bxc4 15.Qxc4 Rac8
16.e5 e6 17.Nd2 Qd5 18.Qa4 c5 19.Ne4 cxd4 20.Nd6 Nc5 21.Nxc8 Rxc8 22.Qxd4 Nd3
23.Re4 Nxf4 24.Rxf4 Bxe5 25.Qxd5 exd5 26.Ra4 Bxc3 27.Rd1 d4 28.Rxa7 Re8 29.Kf1 d3
30.Rc7 Ba5 31.Rd7 d2 32.R7xd2 Bxd2 33.Rxd2 Ra8 34.Ke2 Kf8 35.Kd3 Rd8+ 36.Kc3 Rxd2
37.Kxd2 Ke7 38.Kc3 Kd6 39.Kc4 Kc6 40.a4 f6 41.f3 h6 42.g3 f5 43.f4 Kd6 44.Kd4 Ke6
45.Kc3 Kd5 46.Kb4 Kc6 47.Kc4 Kd6 48.Kb5 Kc7 49.h3 h5 50.Kb4 Kc6  1/2-1/2

[Event "Wotulo Mem"]
[Site "Jakarta INA"]
[Date "2001.03.24"]
[Round "2"]
[White "Praytino,S"]
[Black "Djuric,S"]
[Result "1-0"]
[WhiteElo "2391"]
[BlackElo "2465"]

1.d4 Nf6 2.Bg5 Ne4 3.Bf4 g6 4.f3 Nf6 5.e4 d6 6.Qd2 Nc6 7.Ne2 e5 8.Be3 d5
9.Nbc3 dxe4 10.O-O-O exf3 11.gxf3 a6 12.Bg2 Bg7 13.Qe1 e4 14.fxe4 O-O 15.h3 Nd7
16.e5 Nb6 17.Qg3 Ne7 18.Bg5 h6 19.Bf4 g5 20.Bd2 Nf5 21.Qd3 Nh4 22.Be4 f5
23.exf6 Qxf6 24.Ng3 Be6 25.Nh5 Qxd4 26.Qxd4 Bxd4 27.Bxg5 hxg5 28.Rxd4 Nf5
29.Rd2 Kf7 30.Rg1 Nd6 31.Rxg5 Rg8 32.Rf2+ Ke7 33.h4 Rxg5 34.hxg5 Rh8 35.Nf4 Nxe4
36.Ng6+ Kd7 37.Nxe4 Rh1+ 38.Kd2 Nc4+ 39.Kc3 Rh3+ 40.Kd4 Nxb2 41.Nc5+ Kd6
42.Rf6  1-0

[Event "Wotulo Mem"]
[Site "Jakarta INA"]
[Date "2001.03.24"]
[Round "2"]
[White "Praytino,S"]
[Black "Djuric,S"]
[Result "1-0"]
[WhiteElo "2391"]
[BlackElo "2465"]

1.d4 Nf6 2.Bg5 Ne4 3.Bf4 g6 4.f3 Nf6 5.e4 d6 6.Qd2 Nc6 7.Ne2 e5 8.Be3 d5
9.Nbc3 dxe4 10.O-O-O exf3 11.gxf3 a6 12.Bg2 Bg7 13.Qe1 e4 14.fxe4 O-O 15.h3 Nd7
16.e5 Nb6 17.Qg3 Ne7 18.Bg5 h6 19.Bf4 g5 20.Bd2 Nf5 21.Qd3 Nh4 22.Be4 f5
23.exf6 Qxf6 24.Ng3 Be6 25.Nh5 Qxd4 26.Qxd4 Bxd4 27.Bxg5 hxg5 28.Rxd4 Nf5
29.Rd2 Kf7 30.Rg1 Nd6 31.Rxg5 Rg8 32.Rf2+ Ke7 33.h4 Rxg5 34.hxg5 Rh8 35.Nf4 Nxe4
36.Ng6+ Kd7 37.Nxe4 Rh1+ 38.Kd2 Nc4+ 39.Kc3 Rh3+ 40.Kd4 Nxb2 41.Nc5+ Kd6
42.Rf3  1-0